ROSÉ - stay a little longer (All Lyrics) - Statistics

General Stats
  • This quiz has been taken 60 times
  • The average score is 269 of 314
Answer Stats
% Correct
a
100%
I
100%
you
100%
little
97%
longer
97%
Stay
97%
stay
97%
To
97%
to
97%
in
95%
Please
95%
when
95%
won't
95%
your
95%
bags
92%
don't
92%
Don't
92%
I'm
92%
me
92%
pack
92%
the
92%
too
92%
up
92%
can
89%
Make
89%
make
89%
speechless
89%
take
89%
away
86%
babe?
86%
Babe
86%
deep
86%
have
86%
leave
86%
so
86%
So
86%
What
86%
you're
86%
can't
84%
'Cause
84%
fast
84%
fragile
84%
hate
84%
miss
84%
movin'
84%
pieces
84%
Already
81%
breathin'
81%
enough
81%
four
81%
Into
81%
mistake
81%
ocean?
81%
some
81%
us
81%
walk
81%
Walk
81%
wanna
81%
blame
78%
Build
78%
callin'
78%
castle
78%
if
78%
these
78%
trouble
78%
walls
78%
havin'
76%
it
76%
name
76%
silence
76%
someone's
76%
stand
76%
without
76%
feet
73%
here
73%
inside
73%
kiss
73%
rope
73%
slower
73%
tangled
73%
them
73%
then
73%
I'll
70%
my
70%
And
68%
Oh
68%
oh
68%
okay
68%
be
65%
convince
65%
face
65%
all
62%
over
62%
say
62%
closer
59%
it's
59%
round
59%
minute
57%
speechless
57%
answer
54%
softer
54%
written
54%
Speak
49%
before
41%
piеces
0%
No matching quizzes found
Score Distribution
Percent of People with Each Score
Percentile by Number Answered
Your Score History
You have not taken this quiz